1332 1381 1836 1092 1250 1654 1272 1481 1155 1605 1002 1274 1643 1610 1321 1257 1372 1412 1969 1019 1071 1944 1165 1967 1727 1862 1659 1014 1950 1109 1323 1924 1005 1903 1841 1191 1595 1256 1560 1081 1794 1016 1078 1754 1654 1298 1229 1672 1558 1208 1496 1311 1534 1852 1791 1381 1877 1036 1427 1984 1654 1058 1504 1118 1304 1460 1726 1893 1339 1353 1678 1715 1131 1510 1542 1639 1776 1078 1427 1340 1523 1533 1572 1508 1170 1041 1596 1403 1507 1285 1406 1244 1622 1461 1520 1782 1602 1291 1740 BCNSPRNW ULIB Ver.6.0+V

เปลี่ยนเป็นภาษาไทย

Change to English
 แสดงรายละเอียดบรรณานุกรม
  กลับหน้าหลัก

Brief Record : Get Marc (ISO 2709) : E-mail record : QR code < ปิดหน้าต่าง
LEADER : 00000nas 2200000uu 4500
001    13399125628
003     ULIB
008    170712s||||||||th 000 0 tha d
022 0  ^a1906649x
110 1  ^aวารสารวิชาการ โรงพยาบาลเชียงรายประชานุเคราะห์
245 00 ^aเชียงรายเวชสาร^cโรงพยาบาลเชียงรายประชานุเคราะห์
260    ^aเชียงราย ;^bโรงพยาบาลเชียงรายประชานุเคราะห์,^cม.ป.ป.
310    ^aราย 6 เดือน
850 ^a ULIB^bฉบับที่ 2 ปีที่ 7 ฉ.1 ;ฉบับที่ 2 ปีที่ 8 ฉ.1 ;ฉบับที่ 1 ปีที่ 9 ฉ.1 ;ฉบับที่ 2 ปีที่ 9 ฉ.1 ;ฉบับที่ 1 ปีที่ 9 ฉ.1 ;ฉบับที่ 2 ปีที่ 11 ฉ.1
945    ^p0^l0^i904540
945    ^p0^l0^i904541
945    ^p0^l0^i904818
945    ^p0^l0^i904900
945    ^p0^l0^i905512
945    ^p0^l0^i905513
999    ^aประนอม เกษจรัล
รายการนี้ยังไม่มีแท็ก
คุณยังไม่ได้ล็อกอิน คุณสามารถมีกิจกรรมร่วมกับเว็บไซต์ได้ แต่ต้องล็อกอินก่อน ::
  ล็อกอิน

รายการสื่อสารสนเทศ (วารสาร)

ดูแบบ: กล่อง รายการ
ARRIVED
ฉบับที่ 2 ปีที่ 9 ฉ.1
สถานที่: ห้องสมุดวิทยาเขตสวรรค์ประชารักษ์ >วารสาร
ARRIVED
ฉบับที่ 2 ปีที่ 7 ฉ.1
สถานที่: ห้องสมุดวิทยาเขตสวรรค์ประชารักษ์ >หนังสือพิมพ์
ARRIVED
ฉบับที่ 2 ปีที่ 8 ฉ.1
สถานที่: ห้องสมุดวิทยาเขตสวรรค์ประชารักษ์ >หนังสือพิมพ์
ARRIVED
ฉบับที่ 1 ปีที่ 9 ฉ.1
สถานที่: ห้องสมุดวิทยาเขตสวรรค์ประชารักษ์ >วารสาร
ARRIVED
ฉบับที่ 2 ปีที่ 11 ฉ.1
สถานที่: ห้องสมุดวิทยาเขตสวรรค์ประชารักษ์ >วารสาร

BibComment


ยังไม่เคยถูกคอมเมนท์

คอมเมนท์ทรัพยากรรายการนี้
  คอมเมนท์: เชียงรายเวชสาร โ..


 Copyright 2026. Bcnsprnw @Library